00707nam a2200241 a 450000100060000000300080000600500170001400800410003102000150007203500190008704000290010604100080013508200240014310000190016724500510018625000110023726000300024830000240027850400420030265100420034465100360038665100430042236308BD-RjUL20211209052452.0140619s1972 nyu b 000 0 eng  a0394316959 a(BD-RjUL)36405 aLCbengcLCdLCdBD-RjUL aeng04a320.95204bIKJ 19721 aIke, Nobutaka.10aJapanese politics :bpatron-client democracy / a2d ed. aNew York :bKnopf,c1972. ax, 149 p. ;c21 cm. aBibliography: p. [138]-141 and index. 0aJapanxPolitics and governmenty1945- 0aJapanxSocial conditionsy1945- 0aJapanxEconomic conditionsy1945-1989.